| 000 | 004560000a22001570004500 | ||
|---|---|---|---|
| 041 | 0 | _aSPA | |
| 082 | 0 | 4 | _aG 868 S1922d |
| 100 | 1 | _aBernanos, Georges (1888-1948) | |
| 245 | 1 | 0 | _aDiario de un cura rural / Georges Bernanos ; Jesús Ruiz y Ruiz, Traductor |
| 250 | _a3 | ||
| 260 | _aBarcelona, España : Luis de Caralt (ver L. de Caralt) | ||
| 300 | _a286 Pag | ||
| 500 | _aTitulo original : Journal d'un curé de campagne | ||
| 001 | 11175 | ||
| 942 | _cBK | ||
| 999 |
_c40541 _d40541 |
||